000 00315 a2200109 4500
001 ART_41801
005 20260410161814.0
008 260409a
245 1 0 _aAproximación a la ética filosófica
100 1 _aD'Auria, Aníbal
773 0 _tAcademia
_g- Año 11, Nº21 (ene./jun. 2013)
_wREV4314
999 _c21720
_d21720